<?xml version="1.0" encoding="UTF-8"?>
<record
    xmlns:xsi="http://www.w3.org/2001/XMLSchema-instance"
    xsi:schemaLocation="http://www.loc.gov/MARC21/slim http://www.loc.gov/standards/marcxml/schema/MARC21slim.xsd"
    xmlns="http://www.loc.gov/MARC21/slim">

  <leader>00184nam a2200085   4500</leader>
  <controlfield tag="001">1258838</controlfield>
  <controlfield tag="005">20260331121620.0</controlfield>
  <datafield tag="245" ind1=" " ind2=" ">
    <subfield code="a">K&#xDC;&#xC7;&#xDC;K &#x15E;EHZADE</subfield>
    <subfield code="c">CAH&#x130;T ZAR&#x130;FO&#x11E;LU</subfield>
  </datafield>
  <datafield tag="260" ind1=" " ind2=" ">
    <subfield code="b">BEYAN</subfield>
  </datafield>
  <datafield tag="999" ind1=" " ind2=" ">
    <subfield code="c">1258838</subfield>
    <subfield code="d">1258838</subfield>
  </datafield>
  <datafield tag="952" ind1=" " ind2=" ">
    <subfield code="0">0</subfield>
    <subfield code="1">0</subfield>
    <subfield code="2">ddc</subfield>
    <subfield code="4">0</subfield>
    <subfield code="7">0</subfield>
    <subfield code="a">1031</subfield>
    <subfield code="b">1031</subfield>
    <subfield code="d">2026-03-31</subfield>
    <subfield code="l">1</subfield>
    <subfield code="o">N3</subfield>
    <subfield code="p">10315189</subfield>
    <subfield code="r">2026-04-01 14:23:07</subfield>
    <subfield code="s">2026-03-31</subfield>
    <subfield code="w">2026-03-31</subfield>
    <subfield code="y">BK</subfield>
  </datafield>
</record>
